000 00635nam a2200217Ia 4500
003 OSt
005 20220926030110.0
006 a|||||r|||| 00| 0
007 ta
008 220923b |||||||| |||| 00| 0 eng d
037 _cGeneral Book
040 _aRTL
_cRTL
_beng
041 _2eng
_aeng
082 _aX71.243.N56, J6
111 _aPATIALA & EAST PUNJAB STATES UNION (Govt. of--)
_9333534
245 0 _aExplanatory memorandum on the budget for the year 1956-57.
260 _aPatiala
_bState press
_c1956
300 _a184p
_ccm.
942 _hX71.243.N56, J6
_cGB
_2CC
999 _c648684
_d648684